<?xml version="1.0" encoding="UTF-8"?>
<record
    xmlns:xsi="http://www.w3.org/2001/XMLSchema-instance"
    xsi:schemaLocation="http://www.loc.gov/MARC21/slim http://www.loc.gov/standards/marcxml/schema/MARC21slim.xsd"
    xmlns="http://www.loc.gov/MARC21/slim">

  <leader>01019nam a2200229 a 4500</leader>
  <controlfield tag="001">39391</controlfield>
  <controlfield tag="003">BD-RjUL</controlfield>
  <controlfield tag="005">20211209053000.0</controlfield>
  <controlfield tag="008">160410s2016    b  ||||| |||| 00| 0 b   d</controlfield>
  <datafield tag="020" ind1=" " ind2=" ">
    <subfield code="a">9789849176244</subfield>
    <subfield code="c">TK.280.00</subfield>
  </datafield>
  <datafield tag="035" ind1=" " ind2=" ">
    <subfield code="a">(BD-RjUL) 39504</subfield>
  </datafield>
  <datafield tag="040" ind1=" " ind2=" ">
    <subfield code="a">BD-RjUL</subfield>
    <subfield code="b">ben</subfield>
    <subfield code="c">BD-RjUL</subfield>
  </datafield>
  <datafield tag="041" ind1=" " ind2=" ">
    <subfield code="a">ben</subfield>
  </datafield>
  <datafield tag="082" ind1=" " ind2=" ">
    <subfield code="2">23</subfield>
    <subfield code="b">CHU 2016</subfield>
    <subfield code="a">954.9205</subfield>
  </datafield>
  <datafield tag="245" ind1="0" ind2="0">
    <subfield code="a">&#x99A;&#x9C1;&#x9AF;&#x9BC;&#x9BE;&#x9A1;&#x9BE;&#x999;&#x9CD;&#x997;&#x9BE; &#x9E7;&#x9EF;&#x9ED;&#x9E7; : </subfield>
    <subfield code="b">&#x985;&#x982;&#x9B6;&#x997;&#x9CD;&#x9B0;&#x9B9;&#x9A8;&#x995;&#x9BE;&#x9B0;&#x9C0; &#x993; &#x9AA;&#x9CD;&#x9B0;&#x9A4;&#x9CD;&#x9AF;&#x995;&#x9CD;&#x9B7;&#x9A6;&#x9B0;&#x9CD;&#x9B6;&#x9C0;&#x9B0; &#x9AC;&#x9AF;&#x9BC;&#x9BE;&#x9A8; / </subfield>
    <subfield code="c">&#x9B8;&#x9AE;&#x9CD;&#x9AA;&#x9BE;&#x9A6;&#x995;, &#x9B0;&#x9B9;&#x9AE;&#x9BE;&#x9A8;, &#x9B0;&#x9BE;&#x9B6;&#x9C7;&#x9A6;&#x9C1;&#x9B0; </subfield>
  </datafield>
  <datafield tag="260" ind1=" " ind2=" ">
    <subfield code="a">&#x9A2;&#x9BE;&#x995;&#x9BE; : </subfield>
    <subfield code="b">&#x9AA;&#x9CD;&#x9B0;&#x9A5;&#x9AE;&#x9BE; &#x9AA;&#x9CD;&#x9B0;&#x995;&#x9BE;&#x9B6;&#x9A8;, </subfield>
    <subfield code="c">&#x9E8;&#x9E6;&#x9E7;&#x9EC;</subfield>
  </datafield>
  <datafield tag="300" ind1=" " ind2=" ">
    <subfield code="a">&#x9E7;&#x9EF;&#x9E8; &#x9AA;&#x9C3;. : </subfield>
    <subfield code="b">&#x99A;&#x9BF;&#x9A4;&#x9CD;&#x9B0; ; </subfield>
    <subfield code="c">&#x9E8;&#x9E8; &#x9B8;&#x9C7;&#x9AE;&#x9BF;. </subfield>
  </datafield>
  <datafield tag="650" ind1=" " ind2=" ">
    <subfield code="a">Bangladesh </subfield>
    <subfield code="x">History</subfield>
    <subfield code="x">Revolution,</subfield>
    <subfield code="y">1971.</subfield>
    <subfield code="9">121429</subfield>
  </datafield>
  <datafield tag="650" ind1=" " ind2=" ">
    <subfield code="a">&#x9AC;&#x9BE;&#x982;&#x9B2;&#x9BE;&#x9A6;&#x9C7;&#x9B6; </subfield>
    <subfield code="x">&#x987;&#x9A4;&#x9BF;&#x9B9;&#x9BE;&#x9B8; </subfield>
    <subfield code="x">&#x985;&#x9AD;&#x9CD;&#x9AF;&#x9C1;&#x9CD;&#x9A6;&#x9AF;&#x9BC;  </subfield>
    <subfield code="y">&#x9E7;&#x9EF;&#x9ED;&#x9E7;</subfield>
    <subfield code="9">121430</subfield>
  </datafield>
  <datafield tag="700" ind1=" " ind2=" ">
    <subfield code="a">&#x9B0;&#x9BE;&#x9B6;&#x9C7;&#x9A6;&#x9C1;&#x9B0; &#x9B0;&#x9B9;&#x9AE;&#x9BE;&#x9A8;</subfield>
    <subfield code="9">121431</subfield>
  </datafield>
  <datafield tag="942" ind1=" " ind2=" ">
    <subfield code="2">ddc</subfield>
    <subfield code="c">BK</subfield>
  </datafield>
  <datafield tag="999" ind1=" " ind2=" ">
    <subfield code="c">39391</subfield>
    <subfield code="d">39391</subfield>
  </datafield>
  <datafield tag="952" ind1=" " ind2=" ">
    <subfield code="0">0</subfield>
    <subfield code="1">0</subfield>
    <subfield code="2">ddc</subfield>
    <subfield code="4">0</subfield>
    <subfield code="7">1</subfield>
    <subfield code="8">NFIC</subfield>
    <subfield code="a">RUCL</subfield>
    <subfield code="b">RUCL</subfield>
    <subfield code="c">Reading</subfield>
    <subfield code="d">2016-03-12</subfield>
    <subfield code="e">Viddasogor, Rajshahi</subfield>
    <subfield code="g">280.00</subfield>
    <subfield code="l">0</subfield>
    <subfield code="o">B 954.9205 CHU 2016</subfield>
    <subfield code="r">2016-04-10 00:00:00</subfield>
    <subfield code="t">C-1</subfield>
    <subfield code="w">2016-04-10</subfield>
    <subfield code="y">BK</subfield>
  </datafield>
  <datafield tag="952" ind1=" " ind2=" ">
    <subfield code="0">0</subfield>
    <subfield code="1">0</subfield>
    <subfield code="2">ddc</subfield>
    <subfield code="4">0</subfield>
    <subfield code="7">0</subfield>
    <subfield code="8">NFIC</subfield>
    <subfield code="a">RUCL</subfield>
    <subfield code="b">RUCL</subfield>
    <subfield code="c">Stack</subfield>
    <subfield code="d">2016-03-12</subfield>
    <subfield code="e">Viddasogor, Rajshahi</subfield>
    <subfield code="g">280.00</subfield>
    <subfield code="l">0</subfield>
    <subfield code="o">B 954.9205 CHU 2016</subfield>
    <subfield code="r">2016-04-10 00:00:00</subfield>
    <subfield code="t">C-2</subfield>
    <subfield code="w">2016-04-10</subfield>
    <subfield code="y">BK</subfield>
  </datafield>
  <datafield tag="952" ind1=" " ind2=" ">
    <subfield code="0">0</subfield>
    <subfield code="1">0</subfield>
    <subfield code="2">ddc</subfield>
    <subfield code="4">0</subfield>
    <subfield code="7">0</subfield>
    <subfield code="8">NFIC</subfield>
    <subfield code="a">RUCL</subfield>
    <subfield code="b">RUCL</subfield>
    <subfield code="c">Stack</subfield>
    <subfield code="d">2016-03-12</subfield>
    <subfield code="e">Viddasogor, Rajshahi</subfield>
    <subfield code="g">280.00</subfield>
    <subfield code="l">0</subfield>
    <subfield code="o">B 954.9205 CHU 2016</subfield>
    <subfield code="r">2016-04-10 00:00:00</subfield>
    <subfield code="t">C-3</subfield>
    <subfield code="w">2016-04-10</subfield>
    <subfield code="y">BK</subfield>
  </datafield>
</record>
